[Event "Sousse BICA op 1st"]
[Site "Sousse"]
[Date "2021.12.29"]
[Round "8"]
[White "El Gheiadi, Ibrahim"]
[Black "Mallek, Saif"]
[Result "0-1"]
[WhiteElo "1714"]
[BlackElo "1365"]
[PlyCount "113"]
[EventDate "2021.12.24"]
[EventType "swiss"]
[EventRounds "9"]
[EventCountry "TUN"]
[SourceTitle "CBM 205 Extra"]
[Source "ChessBase"]
[SourceDate "2022.01.31"]
[SourceVersion "1"]
[SourceVersionDate "2022.01.31"]
[SourceQuality "1"]

1. e4 c5 2. Nf3 g6 3. d4 cxd4 4. Qxd4 Nf6 5. e5 Nc6 6. Qh4 Nxe5 7. Nc3 Nxf3+ 8. gxf3 Bg7 9. Bh6 0-0 10. Bxg7 Kxg7 11. 0-0-0 d6 12. Bd3 Bd7 13. Rhg1 Rb8 14. Rg3 b5 15. Rdg1 b4 16. Ne4 Nxe4 17. Qxe4 Be8 18. Qh4 e5 19. Qh5 Rh8 20. Rh3 h6 21. Bxg6 fxg6 22. Qf5 Qf6 23. Qd3 Bf7 24. Rhg3 Kf8 25. Kb1 Qe6 26. b3 Ke7 27. Qa6 Qd7 28. Qd3 Rhc8 29. Rxg6 Bxg6 30. Rxg6 Kd8 31. Rxd6 Rc7 32. Qd5 Kc8 33. Rxd7 Rxd7 34. Qc5+ Kd8 35. Qxe5 Rb6 36. f4 Rbd6 37. Qa5+ Rb6 38. f5 Ke7 39. Qe5+ Kf7 40. Qh8 Rbd6 41. Kb2 a5 42. Qc8 Kf6 43. Qc5 Rd5 44. Qf8+ Rf7 45. Qxh6+ Kxf5 46. h4 Rf6 47. Qh7+ Ke6 48. Qe4+ Re5 49. Qc4+ Kf5 50. f3 Ree6 51. a3 bxa3+ 52. Kxa3 Kg6 53. Qd5 Rd6 54. Qg8+ Kh6 55. f4 Rc6 56. Kb2 Rfd6 57. Qg5+ 0-1

[Event "Sousse BICA op 1st"]
[Site "Sousse"]
[Date "2021.12.27"]
[Round "5"]
[White "Sayari, Sofien"]
[Black "Mallek, Saif"]
[Result "1-0"]
[WhiteElo "1631"]
[BlackElo "1365"]
[PlyCount "71"]
[EventDate "2021.12.24"]
[EventType "swiss"]
[EventRounds "9"]
[EventCountry "TUN"]
[SourceTitle "CBM 205 Extra"]
[Source "ChessBase"]
[SourceDate "2022.01.31"]
[SourceVersion "1"]
[SourceVersionDate "2022.01.31"]
[SourceQuality "1"]

1. d4 Nf6 2. c4 g6 3. Nc3 Bg7 4. e4 d6 5. Bd3 0-0 6. f4 c5 7. dxc5 dxc5 8. e5 Nfd7 9. Nf3 Nc6 10. Be3 b6 11. 0-0 h6 12. Qe2 Bb7 13. Rad1 e6 14. Bb1 Qe7 15. Rd2 Rad8 16. Rfd1 Ndb8 17. Ne4 Rxd2 18. Rxd2 Rd8 19. Nd6 Bc8 20. Bf2 Qf8 21. Bh4 Rd7 22. b3 Ne7 23. g4 Bb7 24. Be4 Bxe4 25. Qxe4 Nc8 26. Nb7 Rxd2 27. Nxd2 Ne7 28. Bxe7 Qxe7 29. Nd6 Bf8 30. Qa8 Na6 31. N2e4 Nb4 32. Nf6+ Kg7 33. Qc8 g5 34. Nde8+ Kh8 35. Qa8 gxf4 36. Qe4 1-0

[Event "Sousse BICA op 1st"]
[Site "Sousse"]
[Date "2021.12.26"]
[Round "4"]
[White "Mallek, Saif"]
[Black "Boulaares, Adam"]
[Result "0-1"]
[WhiteElo "1365"]
[BlackElo "1696"]
[PlyCount "114"]
[EventDate "2021.12.24"]
[EventType "swiss"]
[EventRounds "9"]
[EventCountry "TUN"]
[SourceTitle "CBM 205 Extra"]
[Source "ChessBase"]
[SourceDate "2022.01.31"]
[SourceVersion "1"]
[SourceVersionDate "2022.01.31"]
[SourceQuality "1"]

1. e4 c6 2. d4 d5 3. exd5 cxd5 4. c4 e6 5. Nc3 Nf6 6. Nf3 Nc6 7. a3 Be7 8. Bd3 dxc4 9. Bxc4 0-0 10. 0-0 b6 11. Re1 Bb7 12. Qd3 Qd7 13. Bg5 h6 14. Bxf6 Bxf6 15. Ne5 Qxd4 16. Qxd4 Nxd4 17. Nd7 Nc2 18. Nxf8 Kxf8 19. Bb3 Nxa1 20. Rxa1 Rd8 21. Rd1 Rxd1+ 22. Nxd1 Bd5 23. Bc2 Ke7 24. b3 Kd6 25. Ne3 Bc6 26. Bd3 Kc5 27. Nc2 Bb2 28. f3 Bd5 29. b4+ Kc6 30. a4 Bb3 31. Bb5+ Kb7 32. Ne1 Bd4+ 33. Kh1 Bc3 34. Nd3 Bc2 35. Nf4 g5 36. Ne2 Bxb4 37. Nd4 Bh7 38. Be8 Bg8 39. g3 Bc5 40. Nc6 f6 41. Nd8+ Kc7 42. Nf7 Bf8 43. Kg2 a6 44. Kf1 b5 45. axb5 axb5 46. Nxh6 Bxh6 47. Bxb5 Kd6 48. Bc4 Bh7 49. g4 Ke5 50. Ke2 Bc2 51. Bb5 Kf4 52. Bc4 Ke5 53. Bb5 Bb3 54. Bd3 Kf4 55. Bg6 Bd5 56. Kf2 Bxf3 57. h3 Bf8 0-1

[Event "TUN-ch U18"]
[Site "Monastir"]
[Date "2021.09.04"]
[Round "6"]
[White "Neggaz, Louey"]
[Black "Mallek, Saif"]
[Result "1-0"]
[WhiteElo "1347"]
[BlackElo "1408"]
[PlyCount "67"]
[EventDate "2021.09.01"]
[EventType "swiss"]
[EventRounds "9"]
[EventCountry "TUN"]
[SourceTitle "EXT 2023"]
[Source "ChessBase"]
[SourceDate "2022.10.05"]
[SourceVersion "1"]
[SourceVersionDate "2022.10.05"]
[SourceQuality "1"]

1. e4 c5 2. d3 g6 3. Nd2 Bg7 4. Ngf3 Nc6 5. g3 d6 6. Bg2 Nf6 7. 0-0 0-0 8. c3 Rb8 9. Re1 b5 10. Nf1 Bg4 11. Ne3 Bxf3 12. Bxf3 b4 13. Bd2 Nd7 14. h4 h5 15. g4 Nde5 16. Be2 hxg4 17. Nxg4 Nxg4 18. Bxg4 bxc3 19. bxc3 Ne5 20. Re3 Nxg4 21. Qxg4 Bh6 22. Re2 Bxd2 23. Rxd2 Qa5 24. Rc2 Rb3 25. Rac1 Ra3 26. h5 Kg7 27. Qg5 Rh8 28. hxg6 f6 29. Qd5 Kxg6 30. f4 Rh5 31. Qg8+ Kh6 32. Rg2 Rg5 33. fxg5+ fxg5 34. Qxg5+ 1-0